| 000 | 00717nam a2200181 a 4500 | ||
|---|---|---|---|
| 001 | 000041885 | ||
| 005 | 20201002035818.0 | ||
| 008 | 131016s1987 sp 000 0 spa d | ||
| 020 | _a8400064372 | ||
| 040 |
_aDO-SdBNP _bspa _cBNPHU |
||
| 245 | 1 | 3 |
_aTargum Jonatan de los profetas primeros en tradición babilonica / _ceditado por Emiliano Martínez Borobio. |
| 260 |
_aMadrid : _bConsejo Superior de Investigaciones Científicas, _c1987. |
||
| 300 |
_a388 p ; _c25 cm. |
||
| 490 | 1 |
_aTextos y estudios Cardenal Cisneros _v38 |
|
| 505 | 0 |
_av. II: I -II _tSamuel / _gV. III: I-II _tReyes / |
|
| 710 | 2 |
_aConsejo Superior de Investigaciones Científicas, _94786 |
|
| 830 | 0 |
_aTexto en hebreo, prefacio en español _v38 _968578 |
|
| 999 |
_c41374 _d41374 |
||